00724nam a2200145Ia 4500008004100000020001800041100005800059245009800117260002700215650004100242650014500283856004100428999001900469952009000488171212s9999 xx 000 0 und d a9780833038685 aHosek, James;Kavanagh, Jennifer Erin;Miller, Laura L. cHosek, James;Kavanagh, Jennifer Erin;Miller, Laura L.aHow Deployments Affect Service Members bRAND Corporationc2006 aManagement & Organizational Behavior aUnited States -- Armed Forces -- Recruiting, enlistment, etc.; United States -- Armed Forces -- Personnel management; Development (Strategy) uwww.jstor.org/stable/10.7249/mg432rc c352151d352151 001040aCLbCLd2017-12-12l0oUB323.H669 2006r2017-12-12 00:00:00w2017-12-12yCBE